000 00549nam a2200181 i 4500
001 57525
003 ES-MaACL
005 20251115063235.0
007 t|
008 031016s1968 sp ||||1| spa d
100 1 _aDomínguez, Javier,
_d1929-
_9152738
245 1 0 _aFormación juvenil en equipo /
_cJavier Domínguez, S.J., Jaime Castiñeizas, S.J.
260 _aBilbao :
_bMensajero,
_c1968.
300 _a182 p. ;
_c20 cm.
700 1 _aCastiñeizas, Jaime.
_936791
852 _aES-MaACL
_jC-51428
_bR.66595
999 _c57525
_d57525